| 000 | 00589nam a2200241 a 4500 | ||
|---|---|---|---|
| 001 | 0001-1406 | ||
| 003 | ELIB.Books | ||
| 008 | 160804 2010 eng | ||
| 020 | _a13:9781576581889 | ||
| 035 | _a(ELIB.Books)0001-1561 | ||
| 092 |
_aB _bBen |
||
| 100 | _aBenge, Janet. | ||
| 245 | _aLottie Moon: Giving Her All for China | ||
| 260 |
_aWaco _bYWAM Publishing _c2011 |
||
| 300 | _c20.5 Cm | ||
| 500 | _aTansy Kadoe | ||
| 650 | _aBiography | ||
| 856 |
_nKBTS Library _uKBTS: ELIB |
||
| 942 |
_2ddc _cBK |
||
| 990 | _a1 | ||
| 998 |
_cbat _e2016-08-04 |
||
| 999 |
_c11406 _d11406 |
||